Los artesanos de la tierra : experiencias significativas de desarrollo rural, sostenible e integral /

Detalles Bibliográficos
Autor principal: Torres Chávez, Ivaldo (Autor)
Otros Autores: Fernandez Meneses, Paula Stefania (Editor)
Formato: Electrónico eBook
Lenguaje:español
Publicado: Pamplona, Norte de Santander, Colombia : Sello Editorial Unipamplona, 2023.
Colección:Colección Ciencias pecuarias y agronomía (Universidad de Pamplona)
Materias:
Acceso en línea:Digitalia Hispánica

MARC

LEADER 00000nam a2200000 i 4500
001 DIGUPAMP0025
003 NyNyDIG
007 cr |||||||||||
008 240201s2023 ck a ob 000 0 spa d
006 m o d
035 |a (OCoLC)1422054715 
040 |a DGITA  |b eng  |e rda  |e pn  |c DGITA 
020 |z 9786287656000 
043 |a s-ck--- 
050 1 4 |a S475.C6 ebook 
245 0 4 |a Los artesanos de la tierra :  |b experiencias significativas de desarrollo rural, sostenible e integral /  |c Ivaldo Torres Chávez [and 6 others] ; Paula Stefania Fernandez Meneses, compilación y edición. 
264 1 |a Pamplona, Norte de Santander, Colombia :  |b Sello Editorial Unipamplona,  |c 2023. 
300 |a 1 online resource :  |b illustrations. 
336 |a text  |b txt  |2 rdacontent 
337 |a computer  |b c  |2 rdamedia 
338 |a online resource  |b cr  |2 rdacarrier 
347 |a text file  |2 rdaft 
347 |b PDF 
490 1 |a Colección Ciencias pecuarias y agronomía 
500 |a "Implementación de modelos agrícolas asociativos con cultivos tradicionales para el manejo económico y ambiental del departamento de Boyacá - Policultivos"--Cover. 
504 |a Includes bibliographical references. 
588 0 |a Online resource; title from PDF title page (Digitalia, viewed February 1, 2024) 
650 0 |a Agricultural development projects  |z Colombia  |z Boyacá (Department) 
650 0 |a Sustainable agriculture  |z Colombia  |z Boyacá (Department) 
700 1 |a Torres Chávez, Ivaldo,  |e author. 
700 1 |a Fernandez Meneses, Paula Stefania,  |e editor. 
791 2 |a Digitalia (Firm),  |e distributor. 
793 0 |g Digitalia eBook Collection:  |a Universidad de Pamplona 
776 0 8 |i Print version:  |t Artesanos de la tierra.  |b Primera edición.  |d Pamplona, Norte de Santander, Colombia : Sello Editorial Unipamplona, [2023]  |z 9786287656000 
830 0 |a Colección Ciencias pecuarias y agronomía (Universidad de Pamplona) 
856 4 0 |3 Digitalia Hispánica  |u https://www.digitaliapublishing.com/a/131117/ 
910 |a Premium collection: 2024